Catalogue de la Bibliothèque de l'ENSA

Analysis of the spring barley threshing by means of a single cutter bar threshing mechanism£D BRozbor mlatenia jarneho jacmena jednolistovym mlatacim mechanizmom (notice nᵒ 8773)

détails MARC
000 -LEADER
fixed length control field 00471nam a2200133Ia 4500
008 - FIXED-LENGTH DATA ELEMENTS--GENERAL INFORMATION
fixed length control field 160105s9999 xx 000 0 und d
041 ## - LANGUAGE CODE
Language code of text/sound track or separate title cze
100 ## - MAIN ENTRY--PERSONAL NAME
Personal name MELEG, J. / PROCHAZKA, B.
245 ## - TITLE STATEMENT
Title Analysis of the spring barley threshing by means of a single cutter bar threshing mechanism£D BRozbor mlatenia jarneho jacmena jednolistovym mlatacim mechanizmom
260 ## - PUBLICATION, DISTRIBUTION, ETC.
Date of publication, distribution, etc 1990
654 ## - SUBJECT ADDED ENTRY--FACETED TOPICAL TERM
General subdivision GRAMINEAE
773 ## - HOST ITEM ENTRY
Title Acta Technologica Agriculturae (CZ)
942 ## - ADDED ENTRY ELEMENTS (KOHA)
Koha item type Article
Source of classification or shelving scheme Universal Decimal Classification
Exemplaires
Withdrawn status Lost status Damaged status Use restrictions Not for loan Home library Current library Cost, normal purchase price Shelving control number Total Checkouts Total Renewals Total Holds Full call number Barcode Cost, replacement price Koha item type
          Bibliothèque Centrale Bibliothèque Centrale 0.00         BC_PH3781 BC_PH3781 0.00 Article

Adresse: Ecole Nationale Supérieure Agronomique Hassen Badi - El Harrach Alger, Algérie

Tél +213 (0) 23 82 85 07+213 (0) 23 82 85 12 Fax +213 23 82 85 03/04 Courriel: bibliotheque@edu.ensa.dz